000 00290nam a22001337a 4500
008 170210b xxu||||| |||| 00| 0 eng d
020 _a0875531709
041 _aeng
080 _a61
100 _a4
101 _aSHM
245 _aCOMMUNICABLE DISEASES IN MAN
_cBENENSON
942 _2udc
_cBK
999 _c5127
_d5127